Sons of Siva : (Record no. 157427)

MARC details
000 -LEADER
fixed length control field 00658nam a2200217Ia 4500
003 - CONTROL NUMBER IDENTIFIER
control field OSt
005 - DATE AND TIME OF LATEST TRANSACTION
control field 20251217122607.0
008 - FIXED-LENGTH DATA ELEMENTS--GENERAL INFORMATION
fixed length control field 220917b |||||||| |||| 00| 0 eng d
037 ## - SOURCE OF ACQUISITION
Terms of availability TB
040 ## - CATALOGING SOURCE
Original cataloging agency ARTS
Transcribing agency ARTS
Language of cataloging eng
041 ## - LANGUAGE CODE
Source of code eng
Language code of text/sound track or separate title eng
084 ## - COLON CLASSIFICATION NUMBER
Classification number Q24:31 N0
Assigning agency AL
100 ## - MAIN ENTRY--PERSONAL NAME
Personal name Mani, V. R.
9 (RLIN) 53892
245 #0 - TITLE STATEMENT
Title Sons of Siva :
Remainder of title a study in the religious cults of Ganesa and Karttikeya
260 ## - PUBLICATION, DISTRIBUTION, ETC.
Place of publication, distribution, etc. Delhi, India:
Name of publisher, distributor, etc. Sharada Prak,
Date of publication, distribution, etc. 1990.
300 ## - PHYSICAL DESCRIPTION
Extent 96+20p. Plates
Dimensions cm.
500 ## - GENERAL NOTE
General note Bib 89-92p; Includes index
650 ## - SUBJECT ADDED ENTRY--TOPICAL TERM
Topical term or geographic name entry element RELIGION
9 (RLIN) 857317
942 ## - ADDED ENTRY ELEMENTS (KOHA)
Classification part Q24-26 N0 (P15)
Koha item type Textbook
Source of classification or shelving scheme Colon Classification (CC)
Suppress in OPAC No
Holdings
Withdrawn status Lost status Source of classification or shelving scheme Damaged status Not for loan Home library Current library Date acquired Total Checkouts Full call number Barcode Date last seen Price effective from Koha item type
    Colon Classification (CC)     Arts Library Arts Library 2022-09-18   Q24-26 N0 (P15) AL0992182 2022-09-18 2022-09-18 Textbook
Copyright @ Delhi University Library System